Planning for growth and decline : papers from a conference held at Oxford, September 1986, organised by the Bar Council , the Law Society and the Royal Institution of Chartered Surveyors (Record no. 93476)

MARC details
000 -LEADER
fixed length control field 01217cam a2200229 4500
008 - FIXED-LENGTH DATA ELEMENTS--GENERAL INFORMATION
fixed length control field 090401t1987 xxu||||| |||| 00| 0 eng d
020 ## - INTERNATIONAL STANDARD BOOK NUMBER
International Standard Book Number 0421382600
035 ## - SYSTEM CONTROL NUMBER
System control number (Sirsi) u54469
041 ## - LANGUAGE CODE
Language code of text/sound track or separate title eng
050 ## - LIBRARY OF CONGRESS CALL NUMBER
Classification number 711.1
110 ## - MAIN ENTRY--CORPORATE NAME
Corporate name or jurisdiction name as entry element Journal of Planning and Environment Law
9 (RLIN) 2913
245 ## - TITLE STATEMENT
Title Planning for growth and decline : papers from a conference held at Oxford, September 1986, organised by the Bar Council , the Law Society and the Royal Institution of Chartered Surveyors
260 ## - PUBLICATION, DISTRIBUTION, ETC.
Place of publication, distribution, etc. London
Name of publisher, distributor, etc. Sweet and Maxwell
Date of publication, distribution, etc. 1987
300 ## - PHYSICAL DESCRIPTION
Extent vi,70p. ; 25cm.
350 ## - PRICE (NR) (BK AM CF MU VM SE) [OBSOLETE]
Price 25
490 ## - SERIES STATEMENT
Series statement Journal of Planning and Environment Law Occasional Paper
Volume/sequential designation 13
520 ## - SUMMARY, ETC.
Summary, etc. Papers:- The economics of growth (and decline)/ COLE, H.R. - The dynamics of growth and decline/ MERCER, R. - Devising new policy instruments/ GRANT, M. - The role of the law? The legal view/ CARNWATH, R.J.A. - The role of the law? The relevance of development control/ HEDDEN, R. - Reaction in the face of growth and decline: the county context/ SIMMONS, J.M. - Reaction in the face of growth and decline: the metropolitan context/ DAVIES, J.W.
650 ## - SUBJECT ADDED ENTRY--TOPICAL TERM
Topical term or geographic name entry element DEVELOPMENT
650 ## - SUBJECT ADDED ENTRY--TOPICAL TERM
Topical term or geographic name entry element PLANNING CONTROL
942 ## - ADDED ENTRY ELEMENTS (KOHA)
Suppress in OPAC 0
948 ## - LOCAL PROCESSING INFORMATION (OCLC); SERIES PART DESIGNATOR (RLIN)
c (OCLC) 04/03/1997
Holdings
Withdrawn status Lost status Source of classification or shelving scheme Damaged status Not for loan Home library Current library Shelving location Date acquired Cost, normal purchase price Total Checkouts Full call number Barcode Date last seen Copy number Cost, replacement price Price effective from Koha item type
    Dewey Decimal Classification     London London Basement 14/09/1999 25.00   BASEMENT 30010330 06/08/2019 1 25.00 06/08/2019 Book